000 00768cam a22002292 4500
001 0000002601
005 20151217161131.0
008 070416s xx 000 0 eng d
020 _a0192800876 :
_cKES 1,340
040 _aKABU
_cKABU
050 0 _aPE1097
_b.C43
100 1 _aChalker, Sylvia.
_@0000152019
245 1 4 _aThe Oxford dictionary of English grammar /
_cSylvia Chalker, Edmund Weiner.
260 _aOxford ;
_aNew York :
_bOxford University Press,
_c1994.
300 _ax, 448 p. ;
_c20 cm.
504 _aIncludes bibliographical references.
650 0 _aEnglish language
_xGrammar.
_vDictionaries.
_@0000152020
700 1 _aWeiner, Edmund.
_@0000152021
908 _a070416
950 _@1
999 _c14908
_d14908